[Event "BL 1213 Hamburger SK - Schachfr. Berlin"]
[Site "?"]
[Date "2013.02.24"]
[Round "10.5"]
[White "Lauber, Arnd"]
[Black "Svane, Rasmus"]
[Result "1/2-1/2"]
[WhiteElo "2465"]
[BlackElo "2394"]
[PlyCount "89"]
[EventDate "2013.??.??"]

1. d4 Nf6 2. c4 e6 3. Nc3 Bb4 4. e3 O-O 5. Bd3 d5 6. Nf3 c5 7. O-O cxd4 8. exd4
dxc4 9. Bxc4 b6 10. Bg5 Bb7 11. Re1 Nbd7 12. Bd3 Rc8 13. Ne5 Bxc3 14. Nxd7 Qxd7
15. Bxf6 Bxd4 16. Bxd4 Rfd8 17. Bxh7+ Kxh7 18. Qh5+ Kg8 19. Rad1 Qxd4 20. Rxd4
Rxd4 21. h3 Bd5 22. a3 Rc2 23. Re2 Rd1+ 24. Kh2 Rdd2 25. Rxd2 Rxd2 26. Qg5 Rxb2
27. f3 a5 28. Kg3 Rb3 29. Qc1 f6 30. h4 b5 31. h5 a4 32. h6 Kh7 33. hxg7 Kxg7
34. Kg4 Kg6 35. Qc2+ f5+ 36. Kf4 b4 37. Qc8 bxa3 38. Ke5 a2 39. Qg8+ Kh6 40.
Qh8+ Kg6 41. Qf6+ Kh7 42. Qf7+ Kh6 43. Qf6+ Kh7 44. Qf7+ Kh6 45. Qf6+ 1/2-1/2

[Event "BL 1213 Hamburger SK - Schachfr. Berlin"]
[Site "?"]
[Date "2013.02.24"]
[Round "10.6"]
[White "Ftacnik, Lubomir Dr"]
[Black "Abel, Dennes"]
[Result "1-0"]
[WhiteElo "2547"]
[BlackElo "2437"]
[PlyCount "47"]
[EventDate "2013.??.??"]

1. Nf3 d5 2. d4 Nf6 3. c4 c6 4. Nc3 dxc4 5. a4 Bf5 6. Ne5 Nbd7 7. Nxc4 Nb6 8.
Ne5 a5 9. f3 g6 10. e4 Be6 11. Be3 Bg7 12. Be2 O-O 13. O-O Nbd7 14. f4 Nb8 15.
g4 Na6 16. f5 gxf5 17. gxf5 Bc8 18. Kh1 Kh8 19. Rg1 Nxe4 20. Rxg7 Nf2+ 21. Bxf2
Kxg7 22. Qg1+ Kh8 23. Bc4 f6 24. Ng6+ 1-0

[Event "BL 1213 Hamburger SK - Schachfr. Berlin"]
[Site "?"]
[Date "2013.02.24"]
[Round "10.7"]
[White "Thiede, Lars"]
[Black "Heinemann, Thies"]
[Result "1-0"]
[WhiteElo "2441"]
[BlackElo "2479"]
[PlyCount "81"]
[EventDate "2013.??.??"]

1. c4 c5 2. g3 Nc6 3. Bg2 g6 4. Nc3 Bg7 5. Nf3 e5 6. O-O Nge7 7. a3 O-O 8. Ne1
d6 9. Nc2 Be6 10. Ne3 Qd7 11. Rb1 a5 12. Ned5 Rab8 13. d3 b6 14. Bd2 Bh3 15.
Nxe7+ Nxe7 16. Bxh3 Qxh3 17. b4 axb4 18. axb4 Qe6 19. e4 Ra8 20. Qb3 f5 21. f3
h6 22. Qb2 Kh7 23. Nb5 Qd7 24. Ra1 Nc6 25. Bc3 h5 26. bxc5 dxc5 27. Qe2 Rfd8
28. Rxa8 Rxa8 29. exf5 Qxf5 30. Nd6 Qd7 31. Ne4 Qd8 32. h4 Bh6 33. Kg2 Ra7 34.
f4 Nd4 35. Bxd4 Qxd4 36. f5 Qe3 37. fxg6+ Kg7 38. Qxh5 Re7 39. Qf5 Qxd3 40.
Qf8+ Kxg6 41. Rf6+ 1-0

[Event "BL 1213 Hamburger SK - Schachfr. Berlin"]
[Site "?"]
[Date "2013.02.24"]
[Round "10.8"]
[White "Van Delft, Merijn"]
[Black "Agopov, Mikael"]
[Result "1-0"]
[WhiteElo "2395"]
[BlackElo "2427"]
[PlyCount "89"]
[EventDate "2013.??.??"]

1. e4 c5 2. Nf3 d6 3. d4 cxd4 4. Nxd4 Nf6 5. Nc3 Nc6 6. Bg5 e6 7. Qd2 Be7 8.
O-O-O O-O 9. f4 Nxd4 10. Qxd4 Qa5 11. Kb1 Rd8 12. Qd2 h6 13. Bxf6 Bxf6 14. Nd5
Qxd2 15. Nxf6+ gxf6 16. Rxd2 Kf8 17. Bd3 b6 18. Re1 Bb7 19. Re3 Ke7 20. Rh3 Rh8
21. Rh5 d5 22. Re2 d4 23. g4 Rac8 24. b4 Kf8 25. h3 Kg7 26. Kb2 Bc6 27. Rf2 Rc7
28. h4 a5 29. bxa5 bxa5 30. Rxa5 Rb8+ 31. Kc1 Rcb7 32. g5 Rb1+ 33. Kd2 Rh1 34.
Rc5 Ba8 35. Rc4 Rd8 36. gxf6+ Kxf6 37. Rc7 Rxh4 38. e5+ Kg7 39. f5 exf5 40. e6
Bd5 41. e7 Rh8 42. Bb5 Re4 43. Re2 Kf6 44. Rxe4 fxe4 45. a4 1-0

[Event "BL 1213 SK Norderstedt - SC Forchheim"]
[Site "?"]
[Date "2013.02.24"]
[Round "10.1"]
[White "Prusikin, Michael"]
[Black "Olszewski, Michal"]
[Result "1/2-1/2"]
[WhiteElo "2545"]
[BlackElo "2532"]
[PlyCount "40"]
[EventDate "2013.??.??"]

1. d4 Nf6 2. c4 g6 3. Nc3 d5 4. Nf3 Bg7 5. e3 O-O 6. cxd5 Nxd5 7. Bc4 Nb6 8.
Bb3 c5 9. O-O cxd4 10. exd4 Nc6 11. d5 Na5 12. h3 Nxb3 13. axb3 Bxc3 14. bxc3
Qxd5 15. Qe2 Qe6 16. Qb2 f6 17. c4 Bd7 18. Rd1 Qf7 19. Be3 e5 20. Ne1 Be6
1/2-1/2

[Event "BL 1213 SK Norderstedt - SC Forchheim"]
[Site "?"]
[Date "2013.02.24"]
[Round "10.2"]
[White "Kopylov, Mihail"]
[Black "Jansa, Vlastimil"]
[Result "1/2-1/2"]
[WhiteElo "2473"]
[BlackElo "2451"]
[PlyCount "129"]
[EventDate "2013.??.??"]

1. d4 Nf6 2. c4 g6 3. g3 Bg7 4. Bg2 d5 5. cxd5 Nxd5 6. e4 Nb6 7. Ne2 Bg4 8. d5
O-O 9. O-O c6 10. Nbc3 Na6 11. h3 Bd7 12. Nd4 Rc8 13. Re1 cxd5 14. exd5 Nc4 15.
b3 Qa5 16. Nce2 Nd6 17. Bg5 Rfe8 18. a3 Nc7 19. Bd2 Qa6 20. Bb4 Ncb5 21. Qd2
Nf5 22. Nxf5 Bxf5 23. Rac1 Rxc1 24. Rxc1 Nd6 25. Nd4 Be4 26. Qe3 Bxg2 27. Kxg2
Qb6 28. Bc5 Qd8 29. Qf3 a6 30. Re1 Qc7 31. b4 Rd8 32. Qe3 Bf6 33. g4 Nc4 34.
Qc1 Rxd5 35. Nf3 Nd6 36. g5 Bg7 37. Bxd6 Qxc1 38. Rxc1 Rxd6 39. Rc7 b5 40. Rxe7
Bb2 41. Re3 Kf8 42. h4 Re6 43. Rb3 Bg7 44. Nd2 Ke7 45. Kf3 f5 46. Rd3 Rd6 47.
Re3+ Kd7 48. Nb3 Bd4 49. Nxd4 Rxd4 50. h5 Rg4 51. Rd3+ Ke6 52. Re3+ Kd6 53.
hxg6 hxg6 54. Re8 Rxg5 55. Ra8 Rg1 56. Rxa6+ Kd5 57. Kf4 Rg4+ 58. Ke3 Re4+ 59.
Kf3 g5 60. Rf6 Rf4+ 61. Ke3 Kc4 62. f3 Kb3 63. Rb6 Ka4 64. Ra6+ Kb3 65. Rb6
1/2-1/2

[Event "BL 1213 SK Norderstedt - SC Forchheim"]
[Site "?"]
[Date "2013.02.24"]
[Round "10.3"]
[White "Mons, Leon"]
[Black "Feuerstack, Aljoscha"]
[Result "0-1"]
[WhiteElo "2339"]
[BlackElo "2421"]
[PlyCount "60"]
[EventDate "2013.??.??"]

1. Nf3 d5 2. c4 c6 3. g3 Nf6 4. Bg2 Bf5 5. cxd5 cxd5 6. Qb3 Nc6 7. Qxb7 Bd7 8.
Qb3 e5 9. d3 Bb4+ 10. Nc3 d4 11. Nxe5 Bxc3+ 12. bxc3 Nxe5 13. cxd4 Nc6 14. d5
Nd4 15. Qc3 Bh3 16. Bxh3 Qxd5 17. Kd2 Rd8 18. Ba3 Ne4+ 19. dxe4 Qxe4 20. f3 Qe5
21. Qc4 Nxf3+ 22. Kc2 Nd4+ 23. Kd2 Nf3+ 24. Kc2 Nd4+ 25. Kd2 Nxe2+ 26. Ke1 Nc1+
27. Kf2 Rd2+ 28. Kf3 Rd3+ 29. Qxd3 Nxd3 30. Rab1 f5 0-1

[Event "BL 1213 SK Norderstedt - SC Forchheim"]
[Site "?"]
[Date "2013.02.24"]
[Round "10.4"]
[White "Petrosian, Suren"]
[Black "Seyb, Alexander"]
[Result "1/2-1/2"]
[WhiteElo "2384"]
[BlackElo "2310"]
[PlyCount "39"]
[EventDate "2013.??.??"]

1. g3 d5 2. Bg2 Nf6 3. Nf3 c6 4. b3 Bg4 5. Bb2 Nbd7 6. O-O Qc7 7. c4 dxc4 8.
bxc4 e5 9. d3 Bd6 10. Nbd2 O-O 11. Rb1 Rfe8 12. h3 Bf5 13. Nh4 Be6 14. Qc2 Nh5
15. Ne4 Be7 16. Nf3 h6 17. Ba1 f5 18. Ned2 Rab8 19. Qc3 Bd6 20. e4 1/2-1/2

[Event "BL 1213 SK Norderstedt - SC Forchheim"]
[Site "?"]
[Date "2013.02.24"]
[Round "10.5"]
[White "Zwanzger, Johannes"]
[Black "Meyer, Falko"]
[Result "0-1"]
[WhiteElo "2326"]
[BlackElo "2259"]
[PlyCount "94"]
[EventDate "2013.??.??"]

1. e4 c6 2. d4 d5 3. e5 Bf5 4. Nc3 e6 5. g4 Bg6 6. Nge2 c5 7. h4 h5 8. Nf4 Bh7
9. g5 cxd4 10. Nb5 Be4 11. f3 Bf5 12. Nxd4 Ne7 13. Nxf5 Nxf5 14. Bd3 Qc7 15.
Ne2 Nc6 16. Bxf5 exf5 17. Bf4 O-O-O 18. e6 Bd6 19. Bxd6 Rxd6 20. exf7 Qxf7 21.
Qd2 d4 22. O-O Qc7 23. Rae1 g6 24. Nf4 Qf7 25. b3 Rhd8 26. Rf2 Kb8 27. Kg2 a6
28. Rfe2 Ka7 29. Re6 Ka8 30. Qe2 d3 31. Nxd3 Rd4 32. Re8 Rxh4 33. Rxd8+ Nxd8
34. Qe5 Qd7 35. Qf6 f4 36. Nf2 Qd2 37. Rf1 Nc6 38. Qxg6 Nb4 39. Kg1 Qe2 40.
Qg8+ Ka7 41. Qc4 Qxf3 42. Qd4+ Kb8 43. Re1 Rg4+ 44. Nxg4 Qxg4+ 45. Kf1 Qh3+ 46.
Kg1 Qg3+ 47. Kf1 Qxe1+ 0-1

[Event "BL 1213 SK Norderstedt - SC Forchheim"]
[Site "?"]
[Date "2013.02.24"]
[Round "10.6"]
[White "Michna, Marta"]
[Black "Heidrich, Manfred"]
[Result "1-0"]
[WhiteElo "2383"]
[BlackElo "2296"]
[PlyCount "53"]
[EventDate "2013.??.??"]

1. Nf3 f5 2. d3 d6 3. e4 e5 4. c3 Nc6 5. Nbd2 Nf6 6. a4 g6 7. a5 a6 8. g3 Bg7
9. Qb3 Qe7 10. Bg2 Nd8 11. O-O Nf7 12. exf5 gxf5 13. Nh4 d5 14. Ndf3 O-O 15.
Re1 Qd6 16. Nxe5 Nxe5 17. Bf4 Nh5 18. Bxe5 Qh6 19. Qxd5+ Be6 20. Qxb7 Rab8 21.
Qxa6 Rxb2 22. Bxg7 Nxg7 23. Bd5 Rf6 24. Qc8+ Kf7 25. Qxc7+ Kf8 26. Qd8+ Kf7 27.
Rab1 1-0

[Event "BL 1213 SK Norderstedt - SC Forchheim"]
[Site "?"]
[Date "2013.02.24"]
[Round "10.7"]
[White "Bartsch, Berthold"]
[Black "Jochens, Arne"]
[Result "1/2-1/2"]
[WhiteElo "2242"]
[BlackElo "2298"]
[PlyCount "76"]
[EventDate "2013.??.??"]

1. e4 c5 2. Nc3 Nc6 3. g3 g6 4. Bg2 Bg7 5. d3 d6 6. f4 e5 7. Nf3 Nge7 8. O-O
Nd4 9. Ne2 O-O 10. c3 Nxf3+ 11. Bxf3 Bh3 12. Rf2 Qd7 13. Be3 b6 14. d4 exd4 15.
cxd4 Bg4 16. Bxg4 Qxg4 17. Nc3 Qh3 18. dxc5 dxc5 19. Qd6 Rfe8 20. Rd1 Nf5 21.
exf5 Rxe3 22. Nd5 Bd4 23. Nxe3 Bxe3 24. f6 Bxf2+ 25. Kxf2 Qxh2+ 26. Kf3 Qh5+
27. Kf2 h6 28. Re1 g5 29. Qd5 Rf8 30. fxg5 Qxg5 31. Qxg5+ hxg5 32. Re5 Rd8 33.
Rxg5+ Kf8 34. Rh5 Kg8 35. Rg5+ Kf8 36. Rh5 Ke8 37. Re5+ Kf8 38. Rh5 Kg8 1/2-1/2

[Event "BL 1213 SK Norderstedt - SC Forchheim"]
[Site "?"]
[Date "2013.02.24"]
[Round "10.8"]
[White "Kahlert, Thomas"]
[Black "Burggraf, Michael"]
[Result "1/2-1/2"]
[WhiteElo "2230"]
[BlackElo "2154"]
[PlyCount "44"]
[EventDate "2013.??.??"]

1. c4 e5 2. Nc3 Nc6 3. Nf3 g6 4. d4 exd4 5. Nxd4 Bg7 6. Nxc6 bxc6 7. g3 Ne7 8.
Bg2 O-O 9. O-O Bb7 10. Qc2 d6 11. b3 Qd7 12. Bb2 f5 13. e3 Rab8 14. Rad1 c5 15.
Nd5 Nxd5 16. cxd5 Ba6 17. Rfe1 Rfe8 18. Bxg7 Qxg7 19. e4 fxe4 20. Rxe4 Re5 21.
f4 Re7 22. Rde1 Rbe8 1/2-1/2

[Event "BL 1213 OSG Baden Baden - Wiesbadener S"]
[Site "?"]
[Date "2013.03.16"]
[Round "11.1"]
[White "Khenkin, Igor"]
[Black "Adams, Michael"]
[Result "1/2-1/2"]
[WhiteElo "2655"]
[BlackElo "2720"]
[PlyCount "46"]
[EventDate "2013.??.??"]

1. d4 Nf6 2. c4 e6 3. Nf3 d5 4. Nc3 Nbd7 5. cxd5 exd5 6. Bg5 Be7 7. e3 c6 8.
Bd3 Ne4 9. Bf4 Ndf6 10. Qc2 Bf5 11. O-O O-O 12. Ne5 g6 13. Rab1 a5 14. Rfc1 Re8
15. a3 Bf8 16. b4 Nxc3 17. Qxc3 Ne4 18. Bxe4 Bxe4 19. Nd3 axb4 20. axb4 Ra4 21.
Ra1 Rxa1 22. Rxa1 Bxd3 23. Qxd3 Bxb4 1/2-1/2

[Event "BL 1213 OSG Baden Baden - Wiesbadener S"]
[Site "?"]
[Date "2013.03.16"]
[Round "11.2"]
[White "Bacrot, Etienne"]
[Black "Kurnosov, Igor"]
[Result "1-0"]
[WhiteElo "2705"]
[BlackElo "2660"]
[PlyCount "175"]
[EventDate "2013.??.??"]

1. Nf3 Nf6 2. c4 g6 3. Nc3 d5 4. d4 Bg7 5. cxd5 Nxd5 6. e4 Nxc3 7. bxc3 c5 8.
Rb1 O-O 9. Be2 b6 10. O-O Qc7 11. Qb3 Nc6 12. Be3 Bg4 13. Rfd1 Rad8 14. Qa4 Na5
15. h3 Bd7 16. Qa3 cxd4 17. cxd4 Qd6 18. Qb2 Bc6 19. e5 Qd7 20. Rbc1 Rc8 21.
Ba6 Bb7 22. Bxb7 Qxb7 23. d5 Nc4 24. Qd4 Nxe3 25. Qxe3 Rxc1 26. Qxc1 Rd8 27. d6
exd6 28. exd6 Qd7 29. Qf4 Qe6 30. Ng5 Qxa2 31. d7 h6 32. Qc7 Bf6 33. Ne4 Be7
34. Nc3 Qe6 35. Nd5 Rxd7 36. Qxd7 Qxd7 37. Nf6+ Bxf6 38. Rxd7 a5 39. Rd6 Be7
40. Rxb6 a4 41. Ra6 a3 42. Kf1 Kg7 43. Ke2 Bc5 44. f3 Be7 45. g4 Kf8 46. Kd3
Kg7 47. Ke4 Bb4 48. Kd5 Kf8 49. Kc6 Kg7 50. Ra4 Bf8 51. Kd7 Bc5 52. Rc4 Bf8 53.
Rc7 Kg8 54. Ra7 Bc5 55. Ra5 Bb4 56. Ra4 Bc5 57. Ke8 Bd6 58. Ra6 Bc5 59. h4 Bb4
60. h5 gxh5 61. gxh5 Kg7 62. f4 f5 63. Rg6+ Kh7 64. Kf7 a2 65. Ra6 Bd6 66. Rxa2
Bxf4 67. Ke6 Kg7 68. Kxf5 Bg5 69. Ra7+ Kf8 70. Kg6 Bc1 71. Rf7+ Ke8 72. Rf1 Bd2
73. Kg7 Ke7 74. Rf2 Bc1 75. Re2+ Kd7 76. Kf7 Kd6 77. Ra2 Bf4 78. Ra6+ Ke5 79.
Ra5+ Kd6 80. Kf6 Bd2 81. Ra6+ Kd7 82. Kf7 Bf4 83. Ra4 Be3 84. Ra3 Bg5 85. Rd3+
Kc6 86. Kg7 Bf4 87. Rf3 Bg5 88. Rf5 1-0

[Event "BL 1213 OSG Baden Baden - Wiesbadener S"]
[Site "?"]
[Date "2013.03.16"]
[Round "11.3"]
[White "Mista, Aleksander"]
[Black "Naiditsch, Arkadij"]
[Result "0-1"]
[WhiteElo "2543"]
[BlackElo "2704"]
[PlyCount "132"]
[EventDate "2013.??.??"]

1. c4 e5 2. g3 Nf6 3. Bg2 c6 4. d4 e4 5. Nc3 d5 6. Bg5 Nbd7 7. cxd5 cxd5 8. Qb3
h6 9. Bxf6 Nxf6 10. e3 Qa5 11. Nge2 Qb4 12. O-O Qxb3 13. axb3 Bd6 14. f3 exf3
15. Bxf3 Be6 16. Nf4 Bxf4 17. gxf4 g6 18. Ra5 O-O 19. Rfa1 a6 20. b4 Rfd8 21.
Kf2 h5 22. h4 Rd6 23. Ke1 Re8 24. Kd2 Rb6 25. b5 Bd7 26. bxa6 bxa6 27. R1a2
Rbe6 28. Nd1 Bb5 29. R2a3 Bc4 30. Rc3 Rb6 31. Kc2 Reb8 32. Raa3 Kg7 33. b3 Bb5
34. Rc5 Bd7 35. Nc3 Bf5+ 36. Kb2 Re8 37. Nxd5 Nxd5 38. Bxd5 Rxe3 39. Bc4 Rh3
40. Rxa6 Rxa6 41. Bxa6 Rxh4 42. b4 Rxf4 43. b5 Rxd4 44. Kc3 Rd3+ 45. Kb4 Rd1
46. Bb7 h4 47. Bf3 Rb1+ 48. Ka5 Ra1+ 49. Kb4 Re1 50. b6 Bd3 51. Bd5 Rb1+ 52.
Ka5 h3 53. b7 Bf1 54. Be4 Rb2 55. Rc2 Rb5+ 56. Ka4 f5 57. Bd5 g5 58. Rc5 Rxb7
59. Bxb7 Bg2 60. Rxf5 Kg6 61. Rb5 Bxb7 62. Rb6+ Kf5 63. Rxb7 g4 64. Rh7 Kf4 65.
Kb3 Kg3 66. Kc3 Kh2 0-1

[Event "BL 1213 OSG Baden Baden - Wiesbadener S"]
[Site "?"]
[Date "2013.03.16"]
[Round "11.4"]
[White "Vallejo Pons, Francisco"]
[Black "Poetsch, Hagen"]
[Result "1/2-1/2"]
[WhiteElo "2700"]
[BlackElo "2466"]
[PlyCount "147"]
[EventDate "2013.??.??"]

1. e4 e6 2. d4 d5 3. Nc3 Nf6 4. Bg5 dxe4 5. Nxe4 Be7 6. Bxf6 gxf6 7. Qd2 a6 8.
O-O-O f5 9. Ng3 b5 10. Nh3 h5 11. Be2 Bb7 12. Rhg1 h4 13. Nh5 Nd7 14. N3f4 Rg8
15. Bf3 Bxf3 16. gxf3 Bg5 17. Kb1 Qe7 18. Nd5 exd5 19. f4 O-O-O 20. fxg5 Rde8
21. Nf4 Qd6 22. f3 Re7 23. b3 Nf8 24. Rde1 Rxe1+ 25. Rxe1 Rxg5 26. Nd3 Rg7 27.
Re8+ Kb7 28. a4 Ne6 29. axb5 Nxd4 30. bxa6+ Ka7 31. Qe3 Qb6 32. Ne5 f6 33. Qxd4
Rg1+ 34. Ka2 fxe5 35. Qxb6+ cxb6 36. Rxe5 Rg2 37. Kb2 Rxh2 38. Rxd5 Rf2 39.
Rxf5 h3 40. f4 Kxa6 41. Rh5 Rxf4 42. Rxh3 b5 43. Rh6+ Kb7 44. Kc3 Kc7 45. Re6
Rg4 46. Kd3 Rh4 47. Re4 Rh2 48. Re2 Rh4 49. Re6 Rg4 50. c3 Rh4 51. Re4 Rh3+ 52.
Kd4 b4 53. cxb4 Rxb3 54. Kc5 Rg3 55. Re7+ Kb8 56. Rd7 Rg5+ 57. Rd5 Rxd5+ 58.
Kxd5 Kb7 59. Kc5 Kc7 60. Kb5 Kb7 61. Ka5 Ka7 62. Ka4 Ka6 63. Kb3 Kb5 64. Kc3
Kb6 65. Kc4 Kc6 66. b5+ Kb6 67. Kb4 Kc7 68. Kc5 Kb7 69. b6 Kb8 70. Kb5 Kb7 71.
Ka5 Kb8 72. Ka6 Ka8 73. b7+ Kb8 74. Kb6 1/2-1/2

[Event "BL 1213 OSG Baden Baden - Wiesbadener S"]
[Site "?"]
[Date "2013.03.16"]
[Round "11.5"]
[White "Geske, Julian"]
[Black "Kasimdzhanov, Rustam"]
[Result "0-1"]
[WhiteElo "2401"]
[BlackElo "2690"]
[PlyCount "64"]
[EventDate "2013.??.??"]

1. e4 g6 2. d4 d6 3. Nc3 c6 4. Nf3 Bg7 5. a4 Nf6 6. Be2 O-O 7. O-O Qc7 8. e5
dxe5 9. Nxe5 Be6 10. Bf4 Qa5 11. Qd2 Rd8 12. Qe3 Na6 13. Nc4 Bxc4 14. Bxc4 e6
15. Rfd1 Nb4 16. Bb3 Qf5 17. Qc1 c5 18. dxc5 Rxd1+ 19. Nxd1 Ne4 20. Bd6 Rd8 21.
c3 Nd3 22. Qe3 Nexc5 23. Bxc5 Qxc5 24. Qxc5 Nxc5 25. Bc4 Nxa4 26. Be2 Nxb2 27.
Nxb2 Rd2 28. Rxa7 Rxe2 29. Ra8+ Bf8 30. Nd3 Rd2 31. Ne1 Kg7 32. Rb8 Bc5 0-1

[Event "BL 1213 OSG Baden Baden - Wiesbadener S"]
[Site "?"]
[Date "2013.03.16"]
[Round "11.6"]
[White "Nisipeanu, Liviu-Dieter"]
[Black "Carlstedt, Jonathan"]
[Result "1-0"]
[WhiteElo "2661"]
[BlackElo "2383"]
[PlyCount "69"]
[EventDate "2013.??.??"]

1. d4 e6 2. Nf3 b5 3. e4 Bb7 4. Bd3 c5 5. c3 a6 6. O-O d6 7. a4 c4 8. Bc2 Nd7
9. d5 e5 10. Na3 Ngf6 11. Bg5 Be7 12. axb5 axb5 13. Nxb5 O-O 14. Rxa8 Qxa8 15.
Bxf6 Nxf6 16. Nd2 Rc8 17. Na3 Ba6 18. Qe2 Qb7 19. Rb1 Qc7 20. Ba4 Nd7 21. Bc6
Bg5 22. Ndxc4 Nb8 23. b4 Nxc6 24. dxc6 Bxc4 25. Qxc4 Qxc6 26. Qxc6 Rxc6 27. b5
Rc8 28. b6 Bd8 29. b7 Rb8 30. Rb5 Kf8 31. Nc2 Ke7 32. Nb4 Kd7 33. Na6 Kc6 34.
Nxb8+ Kxb5 35. Na6 1-0

[Event "BL 1213 OSG Baden Baden - Wiesbadener S"]
[Site "?"]
[Date "2013.03.16"]
[Round "11.7"]
[White "Dubkov, Andrej"]
[Black "Gustafsson, Jan"]
[Result "0-1"]
[WhiteElo "2327"]
[BlackElo "2622"]
[PlyCount "97"]
[EventDate "2013.??.??"]

1. e4 c5 2. Nf3 d6 3. Bb5+ Bd7 4. Bxd7+ Qxd7 5. c4 Nf6 6. Nc3 g6 7. d4 cxd4 8.
Nxd4 Bg7 9. f3 Qc7 10. b3 Qa5 11. Bb2 Nc6 12. Nde2 O-O 13. O-O Rfd8 14. Qd2 e6
15. Rfd1 a6 16. Na4 Qxd2 17. Rxd2 b5 18. cxb5 axb5 19. Nac3 Rab8 20. Rad1 Ne8
21. g3 Rdc8 22. Kg2 Kf8 23. f4 f5 24. exf5 gxf5 25. Re1 Kf7 26. Nd1 Bxb2 27.
Nxb2 Ra8 28. Nc3 Nb4 29. Nbd1 Rc5 30. Re3 d5 31. a4 bxa4 32. Nxa4 Rc6 33. h3
Nf6 34. Nf2 Rac8 35. g4 Ne4 36. Nxe4 fxe4 37. Kg3 Kf6 38. Ree2 Rb8 39. Kh4 Nd3
40. Rc2 Rxc2 41. Rxc2 Rxb3 42. Nc5 Nxc5 43. Rxc5 Rf3 44. f5 Ke5 45. fxe6 Kxe6
46. Rc6+ Kd7 47. Ra6 e3 48. Ra7+ Kd6 49. Rxh7 0-1

[Event "BL 1213 OSG Baden Baden - Wiesbadener S"]
[Site "?"]
[Date "2013.03.16"]
[Round "11.8"]
[White "Schlosser, Philipp"]
[Black "Kayser, Felix"]
[Result "1-0"]
[WhiteElo "2579"]
[BlackElo "2183"]
[PlyCount "51"]
[EventDate "2013.??.??"]

1. d4 d5 2. Nf3 Nf6 3. c4 dxc4 4. e3 e6 5. Bxc4 c5 6. O-O a6 7. Bb3 b5 8. a4
Bb7 9. axb5 axb5 10. Rxa8 Bxa8 11. Na3 c4 12. Bc2 Bxa3 13. bxa3 O-O 14. Bd2 Qb6
15. Qb1 Na6 16. e4 g6 17. Re1 Rc8 18. Bc3 Ne8 19. h4 Rb8 20. Qb2 Qd6 21. d5 Qe7
22. h5 Rb7 23. hxg6 hxg6 24. Nd4 Nac7 25. Nc6 Qg5 26. Re3 1-0

[Event "BL 1213 SG Turm Trier - SV Griesheim"]
[Site "?"]
[Date "2013.03.16"]
[Round "11.1"]
[White "Piorun, Kacper"]
[Black "Howell, David W L"]
[Result "1/2-1/2"]
[WhiteElo "2520"]
[BlackElo "2634"]
[PlyCount "121"]
[EventDate "2013.??.??"]

1. d4 Nf6 2. c4 g6 3. Nc3 d5 4. Nf3 Bg7 5. Qb3 dxc4 6. Qxc4 O-O 7. Bf4 Na6 8.
e4 c5 9. dxc5 Be6 10. Qb5 Bd7 11. Qxb7 Nxc5 12. Qb4 Ne6 13. Be5 a5 14. Qa3 Qb6
15. Rd1 Bc6 16. Bc4 Nxe4 17. O-O Nxc3 18. Qxc3 Bxf3 19. Bxg7 Bxd1 20. Bxf8 Be2
21. Re1 Nxf8 22. Rxe2 e6 23. Bb3 Nd7 24. Rc2 a4 25. Bc4 Rc8 26. Qd2 Nf6 27. Be2
Rd8 28. Qf4 Nd5 29. Qxa4 Qb4 30. Qxb4 Nxb4 31. Rc4 Nxa2 32. b4 Rd2 33. Bf1 Rb2
34. b5 Kg7 35. Rc5 Nb4 36. g3 Kf6 37. Rc7 Nd5 38. Rd7 g5 39. Bd3 h5 40. Bf1 Nc3
41. Rc7 Ne4 42. Bd3 Nd6 43. Rc5 Rd2 44. Rc3 Rb2 45. Rc5 Rb3 46. Be2 h4 47. gxh4
gxh4 48. Rh5 Nf5 49. Kg2 Kg6 50. Rh8 Kg5 51. Rg8+ Kf6 52. Rh8 Kg7 53. Rh5 Kg6
54. Rh8 Kg5 55. Rg8+ Kf4 56. h3 Rb2 57. Rg4+ Ke5 58. Kf1 Rb3 59. Kg2 Rb2 60.
Kf1 Rb3 61. Kg2 1/2-1/2

[Event "BL 1213 SG Turm Trier - SV Griesheim"]
[Site "?"]
[Date "2013.03.16"]
[Round "11.3"]
[White "Murdzia, Piotr"]
[Black "Bobras, Piotr"]
[Result "1/2-1/2"]
[WhiteElo "2471"]
[BlackElo "2560"]
[PlyCount "81"]
[EventDate "2013.??.??"]

1. d4 Nf6 2. c4 g6 3. Nc3 d5 4. e3 Bg7 5. cxd5 Nxd5 6. Nxd5 Qxd5 7. Ne2 O-O 8.
Nc3 Qd8 9. Be2 c6 10. O-O e5 11. dxe5 Bxe5 12. Qxd8 Rxd8 13. e4 Re8 14. Rd1 Nd7
15. f3 Nb6 16. Be3 f5 17. Bd4 fxe4 18. Nxe4 Bf5 19. Nc3 Bc2 20. Rd2 Rad8 21.
Rxc2 Bxd4+ 22. Kf1 Kg7 23. Rd1 c5 24. Bb5 Re5 25. Re2 Rxe2 26. Bxe2 Re8 27. Rc1
a6 28. g3 Re5 29. b3 g5 30. Ne4 Nd5 31. Bd3 g4 32. fxg4 Ne3+ 33. Ke1 Nxg4 34.
Rc2 Ne3 35. Re2 b5 36. Kd2 c4 37. bxc4 bxc4 38. Bxc4 Rxe4 39. Kd3 Rg4 40. Be6
Bc5 41. Rxe3 1/2-1/2

[Event "BL 1213 SG Turm Trier - SV Griesheim"]
[Site "?"]
[Date "2013.03.16"]
[Round "11.4"]
[White "Cyborowski, Lukasz"]
[Black "Grabarczyk, Miroslaw"]
[Result "1-0"]
[WhiteElo "2530"]
[BlackElo "2450"]
[PlyCount "117"]
[EventDate "2013.??.??"]

1. d4 d5 2. Nf3 Bf5 3. c4 e6 4. Nc3 c6 5. Qb3 Qb6 6. c5 Qc7 7. Bf4 Qc8 8. Nh4
Nf6 9. Nxf5 exf5 10. e3 Be7 11. Bd3 g6 12. Qc2 Nbd7 13. b4 Nh5 14. Bh6 Ndf6 15.
Bg5 Ng8 16. Bxe7 Nxe7 17. b5 O-O 18. O-O Nf6 19. bxc6 bxc6 20. Rab1 Qc7 21. Ne2
Rfb8 22. Rb3 Rxb3 23. axb3 Rb8 24. Ra1 Qb7 25. Ra3 Qb4 26. Qc1 Nc8 27. Bc2 Ne4
28. Ra4 Qb7 29. Qe1 Ng5 30. Nf4 Qc7 31. Qa5 Qxa5 32. Rxa5 Rb7 33. Ra6 Ne7 34.
Kf1 Ne4 35. Nd3 f6 36. b4 Kf7 37. Ba4 Rc7 38. Ke1 g5 39. g3 g4 40. Bb3 Ke8 41.
Kd1 Kd7 42. Kc2 Rb7 43. Ba4 Kc7 44. Ra5 f4 45. Nxf4 Rxb4 46. Rxa7+ Rb7 47. Ra8
Rb8 48. Ra7+ Rb7 49. Ra8 Rb8 50. Rxb8 Kxb8 51. Nd3 Ng5 52. Ne1 Kc7 53. Kc1 Ne4
54. Nd3 f5 55. Bc2 Ng8 56. Kd1 Ngf6 57. Ke1 Ng5 58. Ne5 Nfe4 59. Ba4 1-0

[Event "BL 1213 SG Turm Trier - SV Griesheim"]
[Site "?"]
[Date "2013.03.16"]
[Round "11.5"]
[White "Grabarczyk, Bogdan"]
[Black "Gordon, Stephen"]
[Result "1-0"]
[WhiteElo "2393"]
[BlackElo "2556"]
[PlyCount "91"]
[EventDate "2013.??.??"]

1. e4 c5 2. Nf3 d6 3. d4 cxd4 4. Nxd4 Nf6 5. Nc3 a6 6. Bg5 Nbd7 7. Qe2 h6 8.
Bxf6 Nxf6 9. O-O-O e5 10. Nf5 g6 11. Ne3 Be6 12. Ned5 Nxd5 13. Nxd5 Rc8 14. Qf3
Rc5 15. Qb3 Qc8 16. Nf6+ Kd8 17. Nd5 Qc6 18. c4 Bxd5 19. exd5 Qd7 20. Qb6+ Ke8
21. h4 h5 22. Rh3 Be7 23. Rb3 Rc7 24. g3 f5 25. Kb1 Kf7 26. f3 Rb8 27. g4 hxg4
28. fxg4 f4 29. g5 Rh8 30. Bh3 Qd8 31. Qf2 Qb8 32. Bf1 Rc5 33. Rh3 b5 34. cxb5
axb5 35. Qf3 b4 36. Bd3 Rcc8 37. Qg4 Rcg8 38. Qe6+ Kf8 39. Bxg6 Rxg6 40. Qxg6
Qc8 41. Rhh1 Qg4 42. Rdg1 Qd7 43. Rc1 Rg8 44. Qh7 Rg7 45. Qe4 Bd8 46. g6 1-0

[Event "BL 1213 SG Turm Trier - SV Griesheim"]
[Site "?"]
[Date "2013.03.16"]
[Round "11.6"]
[White "Jaracz, Pawel"]
[Black "Walter, Stefan"]
[Result "1/2-1/2"]
[WhiteElo "2541"]
[BlackElo "2358"]
[PlyCount "43"]
[EventDate "2013.??.??"]

1. d4 Nf6 2. c4 e6 3. Nf3 d5 4. Nc3 Be7 5. cxd5 exd5 6. Bg5 c6 7. e3 Bf5 8. Bd3
Bxd3 9. Bxf6 Bxf6 10. Qxd3 Be7 11. O-O-O Nd7 12. Kb1 O-O 13. h4 Re8 14. g4 Bb4
15. g5 Bxc3 16. Qxc3 Qe7 17. Qc2 Rac8 18. Ka1 Qe4 19. Qxe4 Rxe4 20. Nd2 Re6 21.
Nf1 f6 22. Ng3 1/2-1/2

[Event "BL 1213 SG Turm Trier - SV Griesheim"]
[Site "?"]
[Date "2013.03.16"]
[Round "11.7"]
[White "Diaz, Joaquin Prof.Dr"]
[Black "Galyas, Miklos"]
[Result "0-1"]
[WhiteElo "2176"]
[BlackElo "2423"]
[PlyCount "62"]
[EventDate "2013.??.??"]

1. e4 e6 2. d4 d5 3. e5 b6 4. c3 Qd7 5. Nf3 Ne7 6. Na3 h6 7. b4 Ba6 8. b5 Bb7
9. Nc2 c6 10. a4 a6 11. Ba3 axb5 12. axb5 cxb5 13. Bd6 Nec6 14. Bxf8 Kxf8 15.
Rxa8 Bxa8 16. Bxb5 Qc7 17. Qa1 Na5 18. O-O Bc6 19. Na3 g6 20. Rb1 Kg7 21. Qb2
Nd7 22. Qb4 Rc8 23. h4 Qd8 24. Ba6 Ra8 25. Bd3 Nc4 26. Bxc4 dxc4 27. Nxc4 Bxf3
28. gxf3 Qxh4 29. Ne3 Ra2 30. Rb2 Ra1+ 31. Rb1 Nxe5 0-1